| 000 | 00463nam a2200181 a 4500 | ||
|---|---|---|---|
| 001 | BRCA_2836 | ||
| 005 | 20190320204006.0 | ||
| 008 | 091208s1961----nyua---###---#000-0#eng-# | ||
| 050 | 4 |
_aP24 _b.U75 1961 |
|
| 100 | 1 |
_aUris, Leon M. _d1924- _97939 |
|
| 245 | 1 | 0 |
_aMila 18 _cLeon Uris. |
| 260 |
_aGarden City, New York _bDoubleday _c1961 |
||
| 300 |
_a539 p. _bil. _c19 cm. |
||
| 500 | _aAA26 | ||
| 651 | 4 |
_aVarsovia _xHistoria _97940 |
|
| 902 | _aGFM | ||
| 942 |
_2lcc _cB |
||
| 999 |
_c2575 _d2575 |
||